« Rencontrer » Emma Bovary au xxie siècle, en Seconde professionnelle (notice n° 1636190)

détails MARC
000 -LEADER
fixed length control field 01677cam a2200229 4500500
005 - DATE AND TIME OF LATEST TRANSACTION
control field 20260111144543.0
041 ## - LANGUAGE CODE
Language code of text/sound track or separate title fre
042 ## - AUTHENTICATION CODE
Authentication code dc
100 10 - MAIN ENTRY--PERSONAL NAME
Personal name Bazile, Sandrine
Relator term author
245 00 - TITLE STATEMENT
Title « Rencontrer » Emma Bovary au xxie siècle, en Seconde professionnelle
260 ## - PUBLICATION, DISTRIBUTION, ETC.
Date of publication, distribution, etc. 2018.<br/>
500 ## - GENERAL NOTE
General note 30
520 ## - SUMMARY, ETC.
Summary, etc. Dans le cadre d’un projet de recherche, s’est développée une réflexion les lectures actualisantes à partir des travaux d’Y. Citton. En lien avec l’objet d’étude « parcours de personnage », une première séquence de Seconde professionnelle mise en œuvre en 2015 a mis l’accent sur une lecture au présent du parcours d’Emma Bovary alors qu’un second dispositif a permis, en 2016, de conjuguer plus nettement actualisation et contextualisation. Les interrogations inhérentes à ce point du programme font écho aux travaux de V. Jouve sur le personnage, cet article cherche à mettre au jour, à travers l’analyse de deux séances (lecture analytique de l’incipit et débat de fin de séquence), les effets-personnage en présence, à savoir la part de l’effet-prétexte propre au lu, celle de l’effet-personne caractéristique du lisant et celle de l’effet-personnel qui est la marque du lectant-interprétant.
690 ## - LOCAL SUBJECT ADDED ENTRY--TOPICAL TERM (OCLC, RLIN)
Topical term or geographic name as entry element actualisation
690 ## - LOCAL SUBJECT ADDED ENTRY--TOPICAL TERM (OCLC, RLIN)
Topical term or geographic name as entry element effet-personnage
690 ## - LOCAL SUBJECT ADDED ENTRY--TOPICAL TERM (OCLC, RLIN)
Topical term or geographic name as entry element Emma Bovary
690 ## - LOCAL SUBJECT ADDED ENTRY--TOPICAL TERM (OCLC, RLIN)
Topical term or geographic name as entry element lycée professionnel
690 ## - LOCAL SUBJECT ADDED ENTRY--TOPICAL TERM (OCLC, RLIN)
Topical term or geographic name as entry element sujet lecteur
700 10 - ADDED ENTRY--PERSONAL NAME
Personal name Plissonneau, Gersende
Relator term author
786 0# - DATA SOURCE ENTRY
Note Le français aujourd'hui | 201 | 2 | 2018-06-01 | p. 89-101 | 0184-7732
856 41 - ELECTRONIC LOCATION AND ACCESS
Uniform Resource Identifier <a href="https://shs.cairn.info/revue-le-francais-aujourd-hui-2018-2-page-89?lang=fr&redirect-ssocas=7080">https://shs.cairn.info/revue-le-francais-aujourd-hui-2018-2-page-89?lang=fr&redirect-ssocas=7080</a>

Pas d'exemplaire disponible.

PLUDOC

PLUDOC est la plateforme unique et centralisée de gestion des bibliothèques physiques et numériques de Guinée administré par le CEDUST. Elle est la plus grande base de données de ressources documentaires pour les Étudiants, Enseignants chercheurs et Chercheurs de Guinée.

Adresse

627 919 101/664 919 101

25 boulevard du commerce
Kaloum, Conakry, Guinée

Réseaux sociaux

Powered by Netsen Group @ 2025